SPFL stadiums (2024/45) - Statistics

General Stats
  • This quiz has been taken 26 times
  • The average score is 8 of 12
Answer Stats
Hint Answer % Correct
Celtic FC Celtic Park
100%
Rangers FC Ibrox
95%
Hibernian FC Easter Road
86%
Aberdeen FC Pittodrie
86%
Kilmarnock FC Rugby Park
86%
Dundee United FC Tannadice
81%
Hearts FC Tynecastle
76%
Motherwell FC Fir Park
62%
Dundee FC Dens Park
57%
St Johnstone McDiarmid Park
33%
St Mirren St Mirren Park
29%
Ross County Victoria Park
29%
No matching quizzes found
Score Distribution
Percent of People with Each Score
Percentile by Number Answered
Your Score History
You have not taken this quiz